000 00676nam a22001097a 4500
008 150917b xxu||||| |||| 00| 0 eng d
010 _8SCCAF:1c
245 _aTHE SUPREME COURT CIVIL APPEAL NO.14 OF 2010 Kasaala Growers Cooperative Society Vs 1.Kakooza Jonathan 2.Kalemera Edson
260 _aSupreme Court Kampala
500 _3Coram: Tumwesigye, Kisaakye, JJSC; Odoki, Tsekooko and OKello
500 _3An Appeal from the Judgement and Orders of the Court of Appeal (A.Twinomujuni, C.N.B.Kitumba and S.B.Kavuma, JJA) dated 6th February, 2009 in Civil Appeal No. 19/2009
999 _c8416
_d8416